[Event "12th American Continental"]
[Site "Medellin COL"]
[Date "2017.06.18"]
[Round "11.85"]
[White "Bedoya Rosales, Luis"]
[Black "Zapata Hincapie, Jhon Alexander"]
[Result "0-1"]
[WhiteElo "1888"]
[BlackElo "2055"]
[EventDate "2017.06.10"]
[PlyCount "44"]

1.e4 c5 2.Nf3 d6 3.d4 cxd4 4.Nxd4 Nf6 5.Nc3 a6 6.Bc4 e6 7.Bb3 b5 8.Bg5 h6 
9.Bh4 Be7 10.Qf3 Qb6 11.O-O-O Nbd7 12.Qe2 Bb7 13.f4 b4 14.Na4 Qc7 15.Nxe6 
fxe6 16.Bxe6 Bc6 17.e5 Bb5 18.Qd2 dxe5 19.Bxf6 Nxf6 20.Kb1 Rd8 21.Qe3 
Rxd1+ 22.Rxd1 Bxa4 0-1

[Event "12th American Continental"]
[Site "Medellin COL"]
[Date "2017.06.18"]
[Round "11.88"]
[White "Lopez Gonzalez, Carlos Andres"]
[Black "Alvarado Arcila, Marvia Josefina"]
[Result "0-1"]
[WhiteElo "1653"]
[BlackElo "2004"]
[EventDate "2017.06.10"]
[PlyCount "29"]

1.e4 Nf6 2.e5 Nd5 3.d4 d6 4.Nf3 Nc6 5.Be2 Bg4 6.h3 Bh5 7.exd6 exd6 8.O-O 
Be7 9.c4 Nb6 10.d5 Bxf3 11.Bxf3 Ne5 12.Be2 O-O 13.Nd2 Re8 14.b3 Bf6 15.Rb1
0-1

[Event "12th American Continental"]
[Site "Medellin COL"]
[Date "2017.06.18"]
[Round "11.91"]
[White "Garces, Javier"]
[Black "Chirivi Castiblanco, Angie Lizeth"]
[Result "0-1"]
[WhiteElo "1923"]
[BlackElo "2105"]
[EventDate "2017.06.10"]
[PlyCount "86"]

1.d4 Nf6 2.c4 e6 3.Nf3 Bb4+ 4.Bd2 Be7 5.g3 d5 6.Bg2 O-O 7.Qc2 c6 8.O-O 
Nbd7 9.Bf4 Re8 10.Nbd2 Nh5 11.Be3 Nf8 12.Ne5 f6 13.Nd3 g5 14.f4 g4 15.Bf2 
f5 16.Rac1 Bd6 17.Qb3 Ng6 18.e3 Nf6 19.c5 Bc7 20.Rfd1 Kg7 21.Ne5 Rh8 22.
Rc3 Ba5 23.Rcc1 h5 24.a4 h4 25.Nf1 hxg3 26.hxg3 Rh6 27.Qa3 Qh8 28.b4 Bc7 
29.b5 Bd7 30.bxc6 bxc6 31.Rb1 Nxe5 32.dxe5 Ne4 33.Rb7 Qd8 34.Rdb1 Bc8 35.
R7b2 Ba6 36.Be1 Kg6 37.Nd2 Qe7 38.Nxe4 fxe4 39.Bc3 Rah8 40.Bd4 Qh7 41.Kf2 
Rh2 42.Rg1 Rxg2+ 43.Rxg2 Qh1 0-1

[Event "12th American Continental"]
[Site "Medellin COL"]
[Date "2017.06.18"]
[Round "11.92"]
[White "Giraldo, Leonardo Emilio"]
[Black "Benavides Montenegro, Maicol"]
[Result "0-1"]
[WhiteElo "1912"]
[BlackElo "2090"]
[EventDate "2017.06.10"]
[PlyCount "48"]

1.e4 c5 2.Nf3 d6 3.d4 cxd4 4.Qxd4 Nc6 5.Bb5 Bd7 6.Bxc6 Bxc6 7.Nc3 e5 8.Qd3
Be7 9.O-O Nf6 10.Bg5 h6 11.Bxf6 Bxf6 12.Nd5 O-O 13.c4 g6 14.Rfd1 Bg7 15.b4
f5 16.b5 Bxd5 17.Qxd5+ Kh7 18.Rac1 fxe4 19.Qxe4 Qe7 20.Nh4 Qg5 21.Nf3 Qe7 
22.Qd5 e4 23.Re1 Rae8 24.Nd2 Rf5 0-1

[Event "12th American Continental"]
[Site "Medellin COL"]
[Date "2017.06.18"]
[Round "11.96"]
[White "Velasquez Sandoval, Angie Gabriela"]
[Black "Patino Garcia, Corals"]
[Result "0-1"]
[WhiteElo "1782"]
[BlackElo "1967"]
[EventDate "2017.06.10"]
[PlyCount "98"]

1.e4 c5 2.Nf3 Nc6 3.Bc4 e6 4.O-O a6 5.a4 Nge7 6.Nc3 d6 7.d4 cxd4 8.Nxd4 
Nxd4 9.Qxd4 Nc6 10.Qd1 Qc7 11.Ba2 Be7 12.Be3 Rb8 13.f4 b5 14.axb5 axb5 15.
Qd2 O-O 16.Kh1 b4 17.Ne2 Na5 18.Rfd1 Nc4 19.Bxc4 Qxc4 20.Nd4 Bb7 21.Qd3 
Rfc8 22.Rac1 Bf8 23.b3 Qxd3 24.cxd3 d5 25.e5 Rc3 26.Kg1 Ba6 27.Rxc3 bxc3 
28.Rc1 Rc8 29.Ne2 c2 30.Kf2 Bxd3 31.Ra1 h6 32.Nc1 Be4 33.g3 Bb4 34.Ke2 Bc3
35.Ra2 d4 36.Bd2 Bxd2 37.Kxd2 d3 38.Ra4 Bf5 39.Ra1 g5 40.fxg5 hxg5 41.b4 
Kg7 42.b5 Rh8 43.Ke3 Rb8 44.Ra5 Rd8 45.Kd2 Rh8 46.Nxd3 Bxd3 47.Ra2 Bf5 48.
b6 Rb8 49.g4 Bg6 0-1

[Event "12th American Continental"]
[Site "Medellin COL"]
[Date "2017.06.18"]
[Round "11.112"]
[White "Borensztajn, David"]
[Black "Gutierrez Hernandez, Jorge Alejandro"]
[Result "1/2-1/2"]
[WhiteElo "1950"]
[BlackElo "1817"]
[EventDate "2017.06.10"]
[PlyCount "53"]

1.d4 f5 2.g3 Nf6 3.Bg2 e6 4.c4 d5 5.Nf3 c6 6.O-O Bd6 7.Bf4 Bxf4 8.gxf4 O-O
9.Nc3 Kh8 10.e3 Nbd7 11.Ng5 Qe8 12.c5 Ne4 13.Ncxe4 fxe4 14.f3 h6 15.Nh3 
exf3 16.Qxf3 Nf6 17.Nf2 b6 18.b4 Ba6 19.Rfc1 Rb8 20.cxb6 Rxb6 21.a3 Bc4 
22.Bf1 Bxf1 23.Kxf1 Qg6 24.Ke2 Qf5 25.Nd3 Ne4 26.Ne5 Rc8 27.Qg4 1/2-1/2

[Event "12th American Continental"]
[Site "Medellin COL"]
[Date "2017.06.18"]
[Round "11.113"]
[White "Serna Escobar, Gustavo Dario"]
[Black "Quishpe Vaca, Andres"]
[Result "0-1"]
[WhiteElo "1763"]
[BlackElo "1929"]
[EventDate "2017.06.10"]
[PlyCount "94"]

1.d4 f5 2.e3 Nf6 3.c4 g6 4.Nf3 Bg7 5.Be2 O-O 6.O-O d6 7.Nc3 Nc6 8.Bd2 e5 
9.dxe5 dxe5 10.h3 e4 11.Nh2 Be6 12.a3 Ne5 13.Qc2 Qe7 14.b3 Rfd8 15.Rfd1 
Nd3 16.Be1 Nxe1 17.Rxe1 Rd7 18.Red1 Rad8 19.Rxd7 Rxd7 20.Nf1 Ne8 21.Ra2 
Be5 22.Nd2 c6 23.Nf1 Nc7 24.Nb1 a5 25.Nc3 Na6 26.Na4 Nc5 27.Nxc5 Qxc5 28.
Nd2 Bc7 29.Nf1 Qe5 30.Qc1 g5 31.Rd2 f4 32.Rxd7 Bxd7 33.exf4 gxf4 34.Qd1 
Qd6 35.Qxd6 Bxd6 36.a4 Bc5 37.Nh2 Kg7 38.Ng4 Bd4 39.Nh2 Bf5 40.Bd1 c5 41.
Kf1 Bg6 42.Ke1 Kf6 43.Nf1 Ke6 44.Nh2 Bf5 45.Bc2 b6 46.Bd1 Bc3+ 47.Ke2 Bd2 
0-1

[Event "12th American Continental"]
[Site "Medellin COL"]
[Date "2017.06.18"]
[Round "11.116"]
[White "Paniagua Davila, Fabio De Jesus"]
[Black "Correa, Daniel"]
[Result "1-0"]
[WhiteElo "1862"]
[BlackElo "1595"]
[EventDate "2017.06.10"]
[PlyCount "88"]

1.d4 Nf6 2.c4 g6 3.Bf4 Bg7 4.e3 O-O 5.Nf3 d6 6.h3 e6 7.Be2 Qe7 8.O-O Rd8 
9.Nc3 Nh5 10.Bh2 f5 11.e4 e5 12.exf5 gxf5 13.Nxe5 dxe5 14.Bxh5 Rxd4 15.Nd5
Qd8 16.Qb3 Nc6 17.Qc3 Rh4 18.Bd1 Nd4 19.Bg3 Rh6 20.Nxc7 Qxc7 21.Qxd4 exd4 
22.Bxc7 Rc6 23.Bf4 Kf8 24.Ba4 Rb6 25.Bb3 Re6 26.c5 Re4 27.Bd6+ Ke8 28.Rfe1
Kd7 29.Bd5 Rxe1+ 30.Rxe1 Bf6 31.b4 a6 32.a4 d3 33.Rd1 Bc3 34.b5 axb5 35.
axb5 Ra1 36.Rxa1 Bxa1 37.Bf4 Bc3 38.Kf1 Bb4 39.Bc4 d2 40.Ke2 Bxc5 41.Bxd2 
Kc7 42.Kf3 Kb6 43.Be3 Bd7 44.Kf4 Bxb5 1-0

[Event "12th American Continental"]
[Site "Medellin COL"]
[Date "2017.06.18"]
[Round "11.117"]
[White "Cespedes Galindo, Estefania"]
[Black "Morera Campos, Hazel Maria"]
[Result "0-1"]
[WhiteElo "1748"]
[BlackElo "1859"]
[EventDate "2017.06.10"]
[PlyCount "36"]

1.e4 c6 2.d4 d5 3.Bd3 dxe4 4.Bxe4 Nf6 5.Bf3 g6 6.Ne2 Bg7 7.O-O O-O 8.Be3 
Nbd7 9.Qd2 Nb6 10.Na3 Bg4 11.Bxg4 Nxg4 12.c3 Nxe3 13.fxe3 e5 14.Qc2 Qe7 
15.Rf3 Rad8 16.Rd1 c5 17.b3 cxd4 18.Qc1 d3 0-1

[Event "12th American Continental"]
[Site "Medellin COL"]
[Date "2017.06.18"]
[Round "11.118"]
[White "Mora Suarez, Juan Felipe"]
[Black "Meza Galvan, Luis"]
[Result "1-0"]
[WhiteElo "1858"]
[BlackElo "1757"]
[EventDate "2017.06.10"]
[PlyCount "30"]

1.c4 Nf6 2.g3 e5 3.Bg2 Nc6 4.Nc3 Rb8 5.Nf3 d6 6.O-O Bf5 7.d4 exd4 8.Nxd4 
Nxd4 9.Qxd4 a6 10.Bg5 Be7 11.Nd5 Nxd5 12.Qxd5 Be6 13.Bxe7 Qxe7 14.Qd4 O-O 
15.Rac1 b6 1-0

[Event "12th American Continental"]
[Site "Medellin COL"]
[Date "2017.06.18"]
[Round "11.125"]
[White "Robledo Legarda, Andres Mauricio"]
[Black "Prado Useche, Leonardo"]
[Result "0-1"]
[WhiteElo "1942"]
[BlackElo "2140"]
[EventDate "2017.06.10"]
[PlyCount "70"]

1.d4 Nf6 2.c4 e6 3.g3 c5 4.d5 exd5 5.cxd5 d6 6.Bg2 b5 7.Nf3 g6 8.O-O Bg7 
9.Re1 O-O 10.e4 Bb7 11.Nbd2 Nbd7 12.Qb3 a6 13.a4 Qa5 14.Qe3 Rfe8 15.Nh4 
Nxd5 16.Qb3 c4 17.Qd1 Nb4 18.Re2 Ne5 19.Nf1 Nbd3 20.f4 Ng4 21.Bf3 Qb6+ 22.
Kg2 Nf6 23.Qc2 Nxe4 24.axb5 axb5 25.Rxa8 Bxa8 26.Be3 Qa5 27.Bd2 Qd8 28.Bc3
d5 29.Bxg7 Kxg7 30.Nd2 Nxf4+ 31.gxf4 Qxh4 32.Nxe4 dxe4 33.Bxe4 Rxe4 34.
Rxe4 Qxf4 35.Qe2 Kg8 0-1